| 000 | 00969cam a22002894a 4500 | ||
|---|---|---|---|
| 001 | 13547 | ||
| 003 | BD-RjUL | ||
| 005 | 20211208235454.0 | ||
| 008 | 140201s2007 maua b 001 0 eng | ||
| 020 | _a0763734012 (pbk.) | ||
| 020 | _a9780763734015 | ||
| 035 |
_a(OCoLC)ocm62118374 _a(BD-RjUL)13599 |
||
| 040 |
_aDLC _cDLC _dBAKER _dC#P _dDLC _dBD-RjUL _beng |
||
| 041 | _aeng | ||
| 082 | 0 | 0 |
_a510 _222 _bSTU 2007 |
| 100 | 1 |
_aStahl, Saul. _942325 |
|
| 245 | 1 | 0 |
_aUnderstanding modern mathematics / _cSaul Stahl, Paul E. Johnson. |
| 260 |
_aSudbury, Mass. : _bJones and Bartlett Publishers, _cc2007. |
||
| 300 |
_avarious pagings : _bill. ; _c23 cm. |
||
| 504 | _aIncludes bibliographical references and index. | ||
| 650 | 0 |
_aMathematics. _942326 |
|
| 700 | 1 |
_aJohnson, P. E. _q(Paul E.) _942327 |
|
| 856 | 4 | 1 |
_3Table of contents only _uhttp://www.loc.gov/catdir/toc/fy0613/2005030297.html |
| 942 |
_2ddc _cBK |
||
| 999 |
_c13547 _d13547 |
||